| 000 | 00677nam a2200193 a 4500 | ||
|---|---|---|---|
| 001 | 000044650 | ||
| 005 | 20240302073953.0 | ||
| 008 | 141211s2014 dr 000 0 spa d | ||
| 020 | _a9789945891218 | ||
| 040 |
_aDO-SdBNP _bspa _cBNPHU |
||
| 082 |
_axxxxxxx _bxxxxxxx |
||
| 100 | 1 |
_aRosario Candelier, Bruno, _d1941- _9851 |
|
| 245 | 1 | 3 |
_aEl Lenguaje del Buen Decir : _bconsultas y entrevistas lingüísticas y literarias / _cBruno Rosario Candelier. |
| 260 |
_aSanto Domingo : _bAcademia Dominicana de la Lengua, _c2014. |
||
| 300 |
_a341 p. ; _c23 cm. |
||
| 490 | 1 |
_aEstudios Lingüísticos _v7 |
|
| 590 | _aInventariado, 2020/BT | ||
| 830 | 0 |
_aEstudios Lingüísticos _n7 _972667 |
|
| 999 |
_c44139 _d44139 |
||